MDQL
is popping MORE tags! Check the
thread
!
Quizzes
Events
Quiz Creation
Community
Videos
Private Events
Remove Ads
Sign In
Join for FREE
Feedback
Dark Mode
Quiz Categories
Sports
Geography
Music
Movies
Television
Just For Fun
Miscellaneous
History
Literature
Language
Science
Gaming
Entertainment
Religion
Holiday
For Kids
Quiz Lab
Recent
Popular Today
Quiz Kudos Today
Editor Picks
Curator Picks
Quizzes by...
Day
Popularity
Type
Ratings
Length
Year
Community
Subscriptions
Recent Discussions
Orange Saloon
Badges
Playlists
Quests
Create
Leaderboards
Showdown
Live 5
Trivia Bingo
Activity
Puzzle Library
Sporcle Events
Private Events
Virtual Trivia
Globe League
Become a Host
Pub Owners
SporcleCon
Opinionation
Our Games
Videos
Blog
Mobile Apps
Partnerships
Remove Ads and Go Orange
Feedback
Sports
Athletes
MLB
NBA
NHL
NFL
Soccer
Sports Teams
WWE
NCAA
Football
Premier League
Basketball
Baseball
Hockey
Golf
Tennis
Cricket
Rugby
Auto Racing
Olympics
World Cup
Sports
Athletes
MLB
NBA
NHL
NFL
Soccer
Sports Teams
WWE
NCAA
Football
Premier League
Basketball
Baseball
Hockey
Golf
Tennis
Cricket
Rugby
Auto Racing
Olympics
World Cup
Random Quiz
Search Sporcle
×
Quiz Lab
Quiz Lab
Sports
NFL
Type in answers that appear in a list
Type in answers that appear in a list
Classic
Best Score? Go Orange.
NFL Touchdowns Week 4 2011 Season Stats
Can you name the players who scored a touchdown during week 4 of the 2011 NFL season?
By
brook5584
9m
96 Questions
79 Plays
79 Plays
79 Plays
Comments
Comments
Give Quiz Kudos
Give Quiz Kudos
-
- Ratings
hide this ad
More Info
Replay
Link that replays current quiz
Next Quiz
Link to next quiz in quiz playlist
You Got
0%
They Got
Avg Score
58%
Avg Friend Score
Upgrade to see
Score Distribution
Jump to the score distribution portion of the page
Score
0/96
Timer
09:00
0
Plays Today
Team
Name
% Correct
Lions at Cowboys
Calvin Johnson
96.2%
Jets at Ravens
Jarret Johnson
96.2%
Bills at Bengals
Fred Jackson
93.7%
Redskins at Rams
Steven Jackson
93.7%
Falcons at Seahawks
Tarvaris Jackson
93.7%
Dolphins at Chargers
Vincent Jackson
93.7%
Panthers at Bears
Cam Newton
91.1%
49ers at Eagles
Alex Smith
91.1%
Panthers at Bears
Matt Forte
86.1%
Browns at Titans
Colt Mccoy
84.8%
49ers at Eagles
Lesean Mccoy
84.8%
Saints at Jaguars
Drew Brees
84.8%
Broncos at Packers
James Jones
84.8%
Giants at Cardinals
Eli Manning
83.5%
Falcons at Seahawks
Sidney Rice
83.5%
Jets at Ravens
Ray Rice
83.5%
Bills at Bengals
Andy Dalton
82.3%
49ers at Eagles
Michael Vick
82.3%
Lions at Cowboys
Tony Romo
79.7%
Lions at Cowboys
Matthew Stafford
79.7%
Vikings at Chiefs
Donovan McNabb
79.7%
Broncos at Packers
Aaron Rodgers
79.7%
Patriots at Raiders
Tom Brady
79.7%
Colts at Buccaneers
Josh Freeman
78.5%
Colts at Buccaneers
Pierre Garcon
77.2%
Lions at Cowboys
Dez Bryant
75.9%
Giants at Cardinals
Beanie Wells
75.9%
Giants at Cardinals
Hakeem Nicks
75.9%
Broncos at Packers
Greg Jennings
75.9%
Patriots at Raiders
Wes Welker
75.9%
Browns at Titans
Matt Hasselbeck
74.7%
Vikings at Chiefs
Matt Cassel
74.7%
Team
Name
% Correct
Vikings at Chiefs
Dwayne Bowe
73.4%
Steelers at Texans
Rashard Mendenhall
73.4%
Colts at Buccaneers
Curtis Painter
72.2%
Steelers at Texans
Matt Schaub
70.9%
Panthers at Bears
D.J. Moore
69.6%
Browns at Titans
Damian Williams
69.6%
Steelers at Texans
Arian Foster
69.6%
Falcons at Seahawks
Matt Ryan
69.6%
Falcons at Seahawks
Mike Williams
69.6%
Broncos at Packers
Kyle Orton
69.6%
Patriots at Raiders
Denarius Moore
69.6%
Panthers at Bears
Devin Hester
68.4%
Dolphins at Chargers
Philip Rivers
68.4%
49ers at Eagles
Vernon Davis
67.1%
Redskins at Rams
Rex Grossman
65.8%
Redskins at Rams
Santana Moss
65.8%
Steelers at Texans
Owen Daniels
65.8%
Patriots at Raiders
BenJarvus Green-Ellis
65.8%
Colts at Buccaneers
LeGarrette Blount
65.8%
Lions at Cowboys
Jason Witten
63.3%
Redskins at Rams
Sam Bradford
63.3%
49ers at Eagles
Frank Gore
63.3%
Saints at Jaguars
Blaine Gabbert
63.3%
Patriots at Raiders
Michael Bush
63.3%
Giants at Cardinals
Ahmad Bradshaw
62%
Broncos at Packers
Donald Driver
62%
Falcons at Seahawks
Tony Gonzalez
59.5%
Falcons at Seahawks
Michael Turner
59.5%
Broncos at Packers
Jordy Nelson
59.5%
Saints at Jaguars
Jimmy Graham
58.2%
Patriots at Raiders
Jason Campbell
58.2%
Giants at Cardinals
Brandon Jacobs
53.2%
Team
Name
% Correct
Panthers at Bears
Greg Olsen
46.8%
Redskins at Rams
Ryan Torain
45.6%
Patriots at Raiders
Deion Branch
45.6%
Dolphins at Chargers
Mike Tolbert
41.8%
Falcons at Seahawks
Marshawn Lynch
39.2%
Broncos at Packers
Eric Decker
39.2%
Browns at Titans
Jared Cook
35.4%
Patriots at Raiders
Stevan Ridley
35.4%
Jets at Ravens
Joe Mcknight
35.4%
Bills at Bengals
Jermaine Gresham
34.2%
49ers at Eagles
Josh Morgan
31.6%
Panthers at Bears
Marion Barber
30.4%
Broncos at Packers
Charles Woodson
29.1%
Colts at Buccaneers
Preston Parker
27.8%
Browns at Titans
Benjamin Watson
25.3%
Lions at Cowboys
Bobby Carpenter
25.3%
Lions at Cowboys
Chris Houston
24.1%
Vikings at Chiefs
Michael Jenkins
24.1%
49ers at Eagles
Clay Harbor
22.8%
Jets at Ravens
Lardarius Webb
22.8%
Saints at Jaguars
Zach Miller
20.3%
Jets at Ravens
David Harris
20.3%
Vikings at Chiefs
Devin Aromashodu
13.9%
Giants at Cardinals
Jake Ballard
13.9%
Jets at Ravens
Jameel Mcclain
13.9%
Bills at Bengals
Bryan Scott
12.7%
Dolphins at Chargers
Lex Hilliard
12.7%
Browns at Titans
Craig Stevens
7.6%
Saints at Jaguars
Jed Collins
7.6%
Browns at Titans
Jordan Babineaux
5.1%
Broncos at Packers
Daniel Fells
5.1%
Falcons at Seahawks
Ben Obomanu
3.8%
Quiz Playlist
Details
Report
Send in Message
Add To Playlist
More Info:
Each player will only appear once. For passing touchdowns both the Quarterback and the receiver will appear
Classic:
Type in answers that appear in a list
Quiz Source
Last Updated: Feb 16, 2017
Quiz Scoreboard
CHALLENGE
Sign Up to Join the Scoreboard
Show All
Scores
Hide
Comments
May contain spoilers
Recently Published
Colored Red Africa Blitz
by spor1
Geography
30s
Find the 'City' Movie
by crazypaving
Movies
60s
5x2 Blitz: Bands
by SL_Kpop136
Music
30s
More to Explore
Quiz From the Vault
Featured Blog Post
14 Easter Pick-up Lines to Find Eggs With
hide this ad
You Might Also Like...
Tags
NFL Quiz
2011
Player
season
team
Touchdown
Week
Today's Top Quizzes in Sports
Browse Sports
hide this ad
Today's Top Quizzes in NFL
Browse NFL
Top Contributed Quizzes in Sports
1
Players with Multiple 50 Home Run Seasons
2
Who Needs Fielders?
3
Criteria MLB: Left Handed Sluggers
4
MLB Players with Two .350 Batting Average Seasons
5
Who Hit More Homers?
6
2020 F1 Drivers Logic Puzzle
7
NBA Teammate Connections
8
Premier League Clubs since 2000 (minefield)
9
MLB Teams by First Game
10
Top 10 NHL Goal Scorers of All Time
Explore More
Trending Topics
Harry Potter
Anime
Marvel
Kpop
Crossword
Disney
NBA
Pokémon
Song
Soccer
NFL
Puzzle
The Office
Country
WWE
hide this ad
More By:
brook5584
Quiz
Plays
Rating
Category
Featured
Created
NFL Touchdowns Week 6 2015 Season
2,085
3.60
Sports
Oct 20, 2015
Big Brother 13 Houseguests
1,731
3.88
Television
Jul 8, 2011
Big Brother 16 Houseguests
1,486
4.33
Television
Jun 28, 2014
Big Brother 18 Houseguests
1,220
3.60
Television
Jun 23, 2016
Current US Senators (Clickable)
695
4.20
History
Apr 13, 2012
Go to Creator's Profile
Score Distribution
Quiz Creator Spotlight
brook5584
Follow
Send a Message
Quizzes Created
-
Created Quiz Play Count
-
More By This Creator
Popular Quizzes Today
1
5x2 Blitz: Bands
2
Find the 'City' Movie
3
Find the US States - No Outlines Minefield
4
Colored Red Africa Blitz
5
The Countries of the World
6
Find the US States
7
9x9 Crossword: Cartoon Network
8
Risky Map Clicking: Biggest States A-Z
More Sports Quizzes
Logos Through the Ages: Fulham
Quiz Lab
Trending Quizzes
Colored Red Africa Blitz II
Colored Red Europe Blitz I
Find the 'Dark' Movie
Find the 'Day' Movie
Find the 'Good' Movie
Recently Updated
Champions League XIs: Real Madrid
pecheneg
Largest US Cities 1790-2010
pecheneg
Rides in Walt Disney World
pecheneg
Most Oscar Losses (Acting)
pecheneg
Beyoncé Albums
pecheneg
Leaping Animals
pecheneg
Reality TV Shows (A-Z)
bhenderson79
Rickey Henderson's Hall of Fame Teammates
pecheneg
Champions League XIs: Arsenal
pecheneg
Quick Pick: Celebrities in WWE's Hall of Fame
aduchscher
Trending Topics
Crossword
NBA
Disney
Harry Potter
Kpop
Anime
Marvel
WWE
Soccer
Puzzle
Pokémon
Song
Country
The Office
NFL
Your Account Isn't Verified!
In order to create a playlist on Sporcle, you need to verify the email address you used during registration. Go to your
Sporcle Settings
to finish the process.
Report this User
Report this user for behavior that violates our
Community Guidelines
.
Details:
Send Report
Go to the Sporcle.com Mobile Site →
Comments